书目信息 |
| 题名: |
极复杂环境铁路隧道工程规划与设计
|
|
| 作者: | 田四明 , 李国良 , 陶伟明 编著 | |
| 分册: | ||
| 出版信息: | 北京 人民交通出版社股份有限公司 2025.03 |
|
| 页数: | 238页 | |
| 开本: | 26cm | |
| 丛书名: | 中国隧道及地下工程修建关键技术研究书系 | |
| 单 册: | ||
| 中图分类: | U459.1 | |
| 科图分类: | ||
| 主题词: | 铁路隧道--tie lu sui dao--隧道工程--工程设计 | |
| 电子资源: | ||
| ISBN: | 978-7-114-20151-6 | |
| 000 | 01857nam 2200313 450 | |
| 001 | 92541 | |
| 005 | 20250818094228.86 | |
| 010 | @a978-7-114-20151-6@dCNY90.00 | |
| 100 | @a20250519d2025 em y0chiy50 ea | |
| 101 | 0 | @achi |
| 102 | @aCN@b110000 | |
| 105 | @aak a 000yy | |
| 106 | @ar | |
| 200 | 1 | @a极复杂环境铁路隧道工程规划与设计@Aji fu za huan jing tie lu sui dao gong cheng gui hua yu she ji@d= Planning and design of railway tunnel engineering in extremely complex environment@f田四明, 李国良, 陶伟明等编著@zeng |
| 210 | @a北京@c人民交通出版社股份有限公司@d2025.03 | |
| 215 | @a238页@c图@d26cm | |
| 225 | 2 | @a中国隧道及地下工程修建关键技术研究书系@Azhong guo sui dao ji di xia gong cheng xiu jian guan jian ji shu yan jiu shu xi |
| 300 | @a“十四五”时期国家重点出版物出版专项规划项目 | |
| 320 | @a有书目 (第236-238页) | |
| 330 | @a本书针对极复杂环境隧道工程特点及面临的诸多难题, 研究提出了隧道高性能主动支护体系设计方法, 确立了高能环境条件下硬岩岩爆、软岩大变形、高地温、活动断裂带、富水断层等不良地质处置原则及工程对策, 提出了适用于极复杂环境铁路钻爆法机械化配套及快速施工技术的隧道设备配套原则, 制定了极复杂环境铁路隧道工程TBM适应性分类标准和设备选型原则, 建立了高海拔缺氧条件下人员安全疏散的基本参数及防灾疏散救援模式, 提出了隧道洞渣处置“减量化、资源化、就近化、集约化、无害化”理念, 以及隧道内“清污分流”设计新技术, 系统构建了极复杂环境铁路隧道工程规划设计的新方法和新技术体系。 | |
| 410 | 0 | @12001 @a中国隧道及地下工程修建关键技术研究书系 |
| 510 | 1 | @aPlanning and design of railway tunnel engineering in extremely complex environment@zeng |
| 606 | 0 | @a铁路隧道@Atie lu sui dao@x隧道工程@x工程设计 |
| 690 | @aU459.1@v5 | |
| 701 | 0 | @a田四明@Atian si ming@4编著 |
| 701 | 0 | @a李国良@Ali guo liang@4编著 |
| 701 | 0 | @a陶伟明@Atao wei ming@4编著 |
| 801 | 0 | @aCN@c20250909 |
| 905 | @a河南城建学院图书馆@dU459.1@eT654@f1 | |
| 极复杂环境铁路隧道工程规划与设计= Planning and design of railway tunnel engineering in extremely complex environment/田四明, 李国良, 陶伟明等编著.-北京:人民交通出版社股份有限公司,2025.03 |
| 238页:图;26cm.-(中国隧道及地下工程修建关键技术研究书系) |
| “十四五”时期国家重点出版物出版专项规划项目 |
| ISBN 978-7-114-20151-6:CNY90.00 |
| 本书针对极复杂环境隧道工程特点及面临的诸多难题, 研究提出了隧道高性能主动支护体系设计方法, 确立了高能环境条件下硬岩岩爆、软岩大变形、高地温、活动断裂带、富水断层等不良地质处置原则及工程对策, 提出了适用于极复杂环境铁路钻爆法机械化配套及快速施工技术的隧道设备配套原则, 制定了极复杂环境铁路隧道工程TBM适应性分类标准和设备选型原则, 建立了高海拔缺氧条件下人员安全疏散的基本参数及防灾疏散救援模式, 提出了隧道洞渣处置“减量化、资源化、就近化、集约化、无害化”理念, 以及隧道内“清污分流”设计新技术, 系统构建了极复杂环境铁路隧道工程规划设计的新方法和新技术体系。 |
| ● |
| 相关链接 |
|
|
|
正题名:极复杂环境铁路隧道工程规划与设计
索取号:U459.1/T654
 
预约/预借
| 序号 | 登录号 | 条形码 | 馆藏地/架位号 | 状态 | 备注 |
| 1 | 1626505 | 216265057 | 自科库501/501自科库 85排1列4层/ [索取号:U459.1/T654] | 在馆 |